| 000 | 00786nam a22002057a 4500 | ||
|---|---|---|---|
| 999 |
_c11458 _d11458 |
||
| 008 | 181205b ||||| |||| 00| 0 eng d | ||
| 020 | _a978-971-9654-87-2 | ||
| 082 |
_22017 _aDFil 658.4 |
||
| 100 |
_aBermudez, Neil Catly _932851 |
||
| 245 |
_aEnvironmental management / _cNeil Catly Bermudez, Diondado Limon Cabiling, Jr. and Lorma San Luis San Pedro, Xinqin Zhang |
||
| 260 |
_aManila : _bUnlimited Books Library Services & Publishing, _c©2017. |
||
| 300 |
_ax, 185 pages : _billustrations ; _c23 cm. |
||
| 500 | _aIncludes references. | ||
| 650 |
_aEnvironmental management _xMethodology _932852 |
||
| 700 |
_aCabiling, Diosdadso Limon, Jr. _932853 |
||
| 700 |
_aSan Pedro, Lorma San Luis _932854 |
||
| 700 |
_aXinqin, Zhang _932855 |
||
| 365 |
_b393.00 _cphp |
||
| 942 |
_2ddc _cDFIL |
||